Normal view
MARC view
Entry Genre/Form Term
001 - CONTROL NUMBER
- control field: 4235
003 - CONTROL NUMBER IDENTIFIER
- control field: ARRUPE
005 - DATE AND TIME OF LATEST TRANSACTION
- control field: 20131127140132.0
008 - FIXED-LENGTH DATA ELEMENTS
- fixed length control field: 131127|| aca||aabn | a|a d
040 ## - CATALOGING SOURCE
- Original cataloging agency: ARRUPE
- Transcribing agency: ARRUPE
155 ## - HEADING--GENRE/FORM TERM
- Genre/form term: Electronic books.
670 ## - SOURCE DATA FOUND
- Source citation: Work cat.: (ARRUPE)0: Jamieson, Kathleen Hall. 4232, The press effect : politicians, journalists, and the stories that shape the political world, 2003.